Greek Gods - Statistics

General Stats
  • This quiz has been taken 55 times
  • The average score is 19 of 50
Answer Stats
Answer % Correct
Zeus
100%
Hades
96%
Hera
96%
Poseidon
96%
Apollo
91%
Aphrodite
89%
Artemis
85%
Athena
85%
Hermes
78%
Demeter
76%
Hephaestus
76%
Ares
74%
Dionysus
72%
Eris
70%
Eros
67%
Hestia
65%
Chronos
54%
Gaia
54%
Hypnos
50%
Pan
46%
Hecate
39%
Nemesis
39%
Nike
39%
Nyx
39%
Uranus
37%
Tartarus
28%
Thanatos
28%
Chaos
24%
Asclepius
17%
Erebus
17%
Hemera
17%
Aeolus
15%
Aether
9%
Achlys
7%
Pontus
7%
Ananke
4%
Eileithyia
4%
Thalassa
4%
Aion
2%
Glaucus
2%
Ourea
2%
Proteus
2%
Enyalios
0%
Enyos
0%
Evrynomi
0%
Forkis
0%
Lefkothea
0%
Nesoi
0%
Nireus
0%
Serene
0%
No matching quizzes found
Score Distribution
Percent of People with Each Score
Percentile by Number Answered
Your Score History
You have not taken this quiz